| 000 | 01498nim a2200409 a 4500 | ||
|---|---|---|---|
| 003 | BLK | ||
| 005 | 20241017130357.0 | ||
| 008 | 180410b bul||n||s|||||||| n|bulo| | ||
| 020 | _a9789549351583 | ||
| 040 | _aBLK | ||
| 041 |
_aBUL _cRUS _hRUS |
||
| 080 |
_aРуски език _b811.161.1 _x(086.76) _z811.161.1(086.76) |
||
| 100 | 1 |
_aУест, Дафни _eпърви автор _9322564 |
|
| 139 |
_aУест, Дафни _bУ 30 |
||
| 245 | 1 | 0 |
_aНаучи сам руски _bАудиокурс _nЧ. 1 - 2. _pДиалози и текстове _cДафни Уест. |
| 257 | _aBGR | ||
| 260 |
_bSkyPrint _c2007 _aСофия |
||
| 300 |
_a2 аудиодиска в кутия _b52 мин. 26 сек. ; 64 мин. 05 сек. _c12 см |
||
| 380 | _a80 | ||
| 500 | _aКъм учебник със сигн. Ч3 808.2/У 30 Научи сам руски : Пълен курс за овладяване на основните умения - разбиране, говорене, писане, четене / Дафни Уест. - Доп. тир. 2020 | ||
| 650 | 4 |
_aРуски език _9262992 |
|
| 653 | _aдиалози | ||
| 852 |
_aCD 3220 _p0 |
||
| 856 | 4 |
_qpdf _u |
|
| 856 | 4 |
_qpdf _u |
|
| 942 |
_cCDD _n0 _02 |
||
| 944 |
_aCR _c05.12.2012 _k30556 _lТеодора Пейчева-Дянкова |
||
| 999 |
_c225829 _d225829 |
||
| 999 | _d225829 | ||
| 999 | _d225829 | ||
| 999 | _d225829 | ||
| 999 | _d225829 | ||
| 999 | _d225829 | ||
| 999 | _d225829 | ||
| 999 | _d225829 | ||
| 999 | _d225829 | ||
| 999 | _d225829 | ||